Statistics for Tottenham Current Squad (2017/18)

Click here to take the quiz!

General Stats

  • This quiz has been taken 185 times
    (163 since last reset)
  • The average score is 20 of 24

Answer Stats

No.Pos.CountryAnswer% Correct
1GKFranceHugo Lloris
100%
7FWSouth KoreaSon Heung-Min
99%
10FWEnglandHarry Kane
97%
5DFBelgiumJan Vertonghen
93%
6DFColombiaDavinson Sanchez
91%
33DFWalesBen Davies
88%
23MFDenmarkChristian Eriksen
88%
3DFEnglandDanny Rose
88%
15MFEnglandEric Dier
88%
17MFFranceMoussa Sissoko
88%
4DFBelgiumToby Alderweireld
88%
12MFKenyaVictor Wanyama
88%
2DFEnglandKieran Trippier
87%
19MFBelgiumMoussa Dembele
86%
20MFEnglandDele Alli
85%
11MFArgentinaErik Lamela
85%
24DFIvory CoastSerge Aurier
80%
13GKNetherlandsMichael Vorm
79%
18FWSpainFernando Llorente
76%
29MFEnglandHarry Winks
76%
22GKArgentinaPaulo Gazzaniga
69%
21DFArgentinaJuan Foyth
61%
14MFFranceGeorges-Kevin N'Koudou
45%
37DFEnglandKyle Walker-Peters
45%

Score Distribution

Percentile by Number Answered

Percent of People with Each Score

Your Score History

You have not taken this quiz since the last reset